[Event "Tan Chin Nam Cup 3rd "]
[Site "Beijing"]
[Date "1997.08.19"]
[Round "10"]
[White "Ye, Jiangchuan"]
[Black "Atalik, Suat"]
[Result "1/2-1/2"]
[WhiteElo "2530"]
[BlackElo "2590"]
[Annotator "Har Zvi,R"]
[PlyCount "101"]
[EventDate "1997.08.11"]
[EventType "tourn"]
[EventRounds "11"]
[EventCountry "CHN"]
[EventCategory "12"]
[SourceTitle "CBM 061"]
[Source "ChessBase"]
[SourceDate "1997.11.23"]
[SourceVersion "1"]
[SourceVersionDate "1997.11.23"]
[SourceQuality "1"]

1. e4 c5 2. Nf3 d6 3. Bb5+ Bd7 4. Bxd7+ Qxd7 5. O-O Nf6 (5... Nc6 6. c3 Nf6 7.
Qe2 {this is the main line for white,which we can also get in our game if
white would have played 7.c3 and not 7.b3} e6 8. d4 cxd4 9. cxd4 d5 10. e5 Ne4
11. Be3 Be7 12. Ne1 f6 13. f3 Ng5 14. Nd2 (14. Nd3 fxe5 15. Bxg5 $6 (15. dxe5)
15... Bxg5 16. f4 (16. dxe5 O-O 17. f4 Bd8) 16... Bxf4 $1 17. dxe5 Nd4 $3 (
17... Bh6 18. Qh5+ Kd8 19. Nc3 $44) 18. Qd1 (18. Qf2 O-O 19. Nxf4 (19. Qxd4
Bxh2+ 20. Kxh2 Rxf1 21. b3 Qf7 $19) 19... Rxf4 $19 {Micic,S-Jovanovic,S
Jugoslavija 1994 61/203}) 18... Be3+ 19. Kh1 Nf5 20. Nc3 O-O $19 {Fusthy,
Z-Shirov,A Budapest 1989}) 14... O-O 15. Nd3 Nf7 (15... fxe5 $5) 16. f4 f5 17.
Nf3 $14 {1-0 Pedzich,D-Kuczynski,R/POL-ch 1997/CBM 59/[HarZvi,R] (43)}) 6. Qe2
Nc6 7. b3 g6 (7... e6 8. Bb2 Be7 9. c4 O-O 10. d4 cxd4 11. Nxd4 d5 12. exd5
exd5 13. Nxc6 bxc6 14. Rd1 Rfe8 15. Qf3 Rad8 16. cxd5 cxd5 17. Nc3 Bd6 18. Ne2
Ne4 19. Rac1 $14 {1-0 Yudasin,L-Aseev,K/St.Petersburg Petrov 1996/CBM 52 (39)})
8. Bb2 Bg7 9. d4 (9. Nc3 O-O 10. Rab1 e5 11. d3 Rfe8 12. a3 d5 13. Nxd5 Nxd5
14. exd5 Qxd5 15. Rfe1 Rad8 $15 {Fries Nielsen,J-Wahls,M/Hamburg HSK 1996/CBM
56/[HarZvi]/1/2-1/2 (63)}) 9... Qg4 $5 $146 (9... cxd4 10. Nxd4 O-O (10... Nh5
11. Rd1 Nf4 12. Qf3 Ne6 13. c3 {1/2-1/2 Timman,J-Lutz,C/Dortmund 1994/CBM 42 
(92)} O-O $11) 11. c4 a6 12. Rd1 b5 13. Na3 Nxd4 14. Bxd4 Qb7 15. f3 bxc4 16.
Nxc4 a5 17. Rac1 Ra6 $13 {Abramovic,B-Marjanovic,S/JUG-ch 1985/MCL 02/1/2-1/2 
(44)}) 10. Re1 {there is nothing else} (10. dxc5 $4 Nh5 $19 11. h3 Nf4 12. hxg4
Nxe2+) (10. Nbd2 $6 cxd4 11. Bxd4 (11. Nxd4 $4 Nxd4 12. Qxg4 Nxg4 $19) 11...
Nxd4 (11... Nh5) 12. Nxd4 Qxe2 13. Nxe2 O-O $11 {/=/+}) (10. e5 $6 Nd5 11. Re1
cxd4 12. h3 (12. exd6 $2 d3 $1 13. cxd3 Nf4 {[%csl Rb2,Rg2]}) 12... Qd7 13.
exd6 Qxd6 $17) 10... cxd4 11. h3 Qh5 12. Nxd4 Qxe2 13. Rxe2 Nd5 {now black
takes the initiative,not winning of course but he the side playing now for the
advantage,Nd5 is better than Nh5 since now on c3 by white black has 14...Nxc3!}
14. Rd2 (14. c3 $6 Nxc3 15. Bxc3 Bxd4 $17) (14. exd5 $5 {this seems as an
interesting to play with just leaving black with his bishop and putting the
pawns on white squares when he has nothing to attack seems OK for white} Nxd4
15. Bxd4 Bxd4 16. c3 Be5 17. a4 $13 {[%cal Ga1a2,Gc3c4]}) 14... Nf4 15. Kf1 (
15. c3 Ne5 {[%csl Rd3]}) 15... Ne6 16. c3 O-O 17. Na3 (17. Nxc6 bxc6 $15 {
[%csl Rb2,Re4][%cal Ga7a5,Gf8b8,Ga5a4]} 18. c4 Bxb2 19. Rxb2 Nc5 (19... c5 $5)
(19... Nd4 20. c5 $5 dxc5 21. Nd2 {[%csl Rc5][%cal Ga1c1]}) 20. Nc3 a5 $15) (
17. Nxe6 fxe6 {[%cal Gf8f1]}) 17... Rac8 18. Rad1 Nexd4 19. cxd4 Nb4 {[%cal
Gc8c1]} 20. Nb5 (20. Ba1 d5 $5 {[%csl Ra3]}) 20... Nxa2 21. Ra1 (21. Nxa7 Ra8
22. Nb5 Rfc8 23. d5 (23. f3 $5) 23... Bxb2 24. Rxb2 Nb4 $15 {[%cal Gc8c1,Ga8a1]
}) 21... a6 (21... Nb4 22. Rxa7) 22. Rxa2 (22. Nxd6 exd6 23. Rxa2 Rfe8 {
[%csl Ra2,Ga6,Rb3,Gb7]}) 22... axb5 23. Ra5 Rc7 24. Rxb5 Ra8 {[%cal Gc7c1,
Ga8a1] black control now now both open files the "a" and the "c"} 25. d5 {
white does not really want to play this move,since it weakeness some important
squares in the center espcially the "e5" square,bu he simply has no choice
since black wants to Ra2 threatening Bxd4 when after Ke1 he wins immediately
with Bh6 and after Re2 Bc1!-+} (25. b4 Ra6 $1 {[%csl Rb5][%cal Gb7b6,Yg8f8,
Yf8e8,Ye8d8,Yd8c8,Yc8b7,Ga6a4,Yb7a6] when black idea is to play b6,when nobody
wants such rook on b5}) 25... g5 (25... Bh6 26. Re2 Ra2 27. f3) 26. Ke2 Bxb2
27. Rxb2 Kg7 {[%cal Gg7e5]} 28. Rb4 {[%cal Gb4c4] if white manages to play Rc4
blocking the "c" file he should have no problem making draw in this position}
Rac8 {not so quick,black also understand this} 29. g3 h5 $1 30. Ke3 h4 31. Kf3
(31. Rc4 $5 Rxc4 32. bxc4 Rxc4 33. Rxb7 hxg3 (33... Rc3+ 34. Kd2 Rf3 35. Ke2)
34. fxg3 Rc3+ 35. Kf2 Kf6 36. Ra7 {when I can not see how can black advance
his position}) (31. gxh4 gxh4 {[%csl Rh3]}) 31... hxg3 32. fxg3 Rc3+ (32... Kf6
33. Kg4 {[%cal Gb2f2]}) 33. Kg4 Re3 34. Kxg5 Rxg3+ 35. Kf4 Rcc3 36. Rf2 Rxb3
37. Rxb7 Rxh3 38. Rxb3 Rxb3 39. Kf5 {it seems black could have gotten more
than this position,but still this one is simply a draw} Rg3 40. Kf4 Rh3 41. Rf1
Kg6 42. Rf2 Rd3 43. Rg2+ Kf6 44. Rh2 e5+ 45. dxe6 fxe6 46. e5+ dxe5+ 47. Ke4
Rd4+ 48. Ke3 Ra4 49. Rh8 Ra1 50. Rf8+ Ke7 51. Rb8 1/2-1/2

[Event "Saintly Cup"]
[Site "Sydney"]
[Date "1999.01.23"]
[Round "2"]
[White "Oral, Tomas"]
[Black "Mas, Hafizulhelmi"]
[Result "1-0"]
[WhiteElo "2521"]
[BlackElo "2401"]
[Annotator "Har Zvi,R"]
[PlyCount "71"]
[EventDate "1999.01.22"]
[EventType "tourn"]
[EventRounds "9"]
[EventCountry "AUS"]
[EventCategory "10"]
[SourceTitle "CBM 070"]
[Source "ChessBase"]
[SourceDate "1999.06.08"]
[SourceVersion "1"]
[SourceVersionDate "1999.06.08"]
[SourceQuality "1"]

1. e4 c5 2. Nf3 d6 3. Bb5+ Bd7 4. Bxd7+ Nxd7 5. c4 Ne5 6. O-O (6. Nxe5 dxe5 7.
Qa4+ (7. Nc3 e6 8. Qa4+ Qd7 9. Nb5 Kd8 10. d3 Bd6 11. b4 cxb4 12. Be3 a6 13.
O-O Ne7 14. d4 $1 Rc8 15. dxe5 axb5 16. cxb5 Bxe5 17. Rad1 Bd6 18. Rd2 Rc3 19.
Rfd1 $16 {1-0 Orlov,G-Khenkin,I/Minsk 1990/CBM 17 (32)}) 7... Qd7 8. Qxd7+ Kxd7
9. d3 e6 10. Be3 Bd6 11. Nc3 Ne7 12. a3 b6 13. Ke2 Nc6 14. Rhb1 Nd4+ 15. Bxd4
exd4 $11 {1/2-1/2 Panchenko,A-Rashkovsky,N/Agzamov mem 1986/EXT 86 (23)}) 6...
e6 (6... Qd7 7. b3 g6 8. Nxe5 dxe5 9. Bb2 f6 10. f4 exf4 11. Rxf4 Bh6 12. Rf3
Bg7 13. Nc3 Rd8 14. d3 Nh6 15. Nd5 O-O 16. Qe2 Qd6 17. Qf2 $36 {1/2-1/2
Unzicker,W-Portisch,L/Milano 1975/MCL 02 (26)}) (6... g6 $5 7. Nxe5 dxe5 8.
Qa4+ Qd7 9. Qxd7+ Kxd7 10. d3 e6 11. Be3 b6 {[%cal Gg8e7,Ge7c6]}) 7. Nc3 (7. d3
Ne7 8. Ne1 N5c6 9. Be3 g6 10. Nc3 Bg7 11. Nf3 Qa5 12. Qd2 O-O 13. Bh6 Ne5 14.
Nxe5 Bxh6 15. Qxh6 dxe5 16. f4 Qd8 17. Kh1 f5 $1 $132 {0-1 Jasnikowski,
Z-Akesson,R/Rubinstein mem 1981/MCD-r8 (38)}) 7... Ne7 (7... Nxf3+ 8. Qxf3 g6
9. e5 $40 {[%csl Rf6][%cal Ge5d6,Gf3b7]}) 8. Ne1 $1 {well I will not say white
must play this move but this is certainly a very very smart move since black
was threatening to play simply Nxf3 followed by Nc6 .now just look both
black's night are placing the same future sqyare I mean the "e5" one so we
will no exchange one pair of knighs but keep them both so black will have a
problem to place on of them} g5 {why to play this move???I do not say it;s bad
but well I think that after the simple g6 with Bg7 and after f4 playing N5c6
black is ok} (8... g6 9. f4 N5c6 {[%cal Gf8g7,Ge8g8]}) 9. d3 h6 10. Ne2 $5 {
[%cal Gf2f4] a good move the knight on "c3" is doing nothing special on the
King's side it will have more job to do} N7g6 (10... Bg7 11. f4 gxf4 12. Nxf4 {
[%cal Gf4h5]}) 11. b3 Bg7 12. Rb1 $14 {I quite like white's position he just
let black played few weakening moves when he created no weaknesess for himself
at all and just prepering now to play "d4" at the right moment.maybe black
should have played here Qc7 with a strange idea playing long castle and then
white will try to attack on Queen's side and black of course on the King's side
} (12. Bb2 $6 Nf3+ 13. Nxf3 Bxb2 14. Rb1 Bg7 {[%csl Rd4,Re5][%cal Gh8a1] and
black is just fine}) 12... Nc6 $6 (12... Qc7 {this seems as better than Nc6
played in the game} 13. d4 cxd4 14. Nxd4 a6 $132 {[%cal Ge8c8]}) 13. Nc2 {
[%cal Gd3d4] again playing for d4} d5 $2 {well black is just playing wrong
move one after another,probably all his idea was wrong since breaking in the
center this way giving now the "f5" square can not be a good idea without even
chescking one variation} 14. exd5 exd5 15. Ne3 {[%csl Rf5]} Nge7 16. Ng3 $14 {
[%cal Ge3f5,Gg3h5] /+/-} Bd4 (16... O-O {this was of course better than Bd4
well u can not play the all game with your king on "e8" this way} 17. Nef5 {
when white is of course better}) 17. Nef5 Qd7 18. Nxd4 Nxd4 19. Ba3 Qc7 $2 {
another mistake after which black's position becomes very critical if not
losing already correct was of course b6,but still there is no question who is
better} (19... b6 20. b4 cxb4 21. Bxb4 Nec6 (21... O-O-O 22. c5 {[%csl Rc8]})
22. Re1+ Kd8 23. Bc3 $40) 20. cxd5 Nxd5 21. Rc1 b6 22. b4 $18 {this seems just
very very bad for black} Qc6 (22... Ne6 23. bxc5 bxc5 24. Ne4) 23. bxc5 Nf4 24.
Re1+ Nde6 (24... Kd7 25. Re4 {[%cal Gc5b6]}) 25. Ne4 b5 26. Qf3 {white has a
pawn up and very strong attack the game is already decided,all he has to do is
not make a serious mistake which he did not make} Ke7 27. Bb2 Rhc8 28. g3 g4
29. Qxg4 Rg8 30. Qh4+ Kd7 31. Kf1 f5 (31... Nxd3 32. Red1) 32. Nf6+ Kc8 33.
gxf4 Qg2+ 34. Ke2 Rg4 35. Nxg4 fxg4 36. Kd2 {[%mdl 24580]} 1-0

[Event "St Petersburg-ch"]
[Site "St Petersburg"]
[Date "1997.??.??"]
[Round "2"]
[White "Gubanov, Anton"]
[Black "Nepomnishay, Mikhail I"]
[Result "0-1"]
[WhiteElo "2370"]
[BlackElo "2465"]
[Annotator "Har Zvi,R"]
[PlyCount "74"]
[EventDate "1997.03.04"]
[EventType "swiss"]
[EventRounds "9"]
[EventCountry "RUS"]
[SourceTitle "CBM 058"]
[Source "ChessBase"]
[SourceDate "1997.06.01"]
[SourceVersion "1"]
[SourceVersionDate "1997.06.01"]
[SourceQuality "1"]

1. e4 {Horvath,T} c5 2. Nf3 d6 3. Bb5+ Bd7 4. Bxd7+ Qxd7 5. c4 Nf6 (5... e5 6.
Nc3 g6 (6... Nc6 7. O-O Nge7 8. Nd5 Nxd5 9. cxd5 Nd4 10. Nxd4 cxd4 11. d3 Be7
12. Qb3 O-O 13. f4 $14 {/= Karpov,A-Ribli,Z EU-chT bath 1973}) 7. O-O Bg7 8.
Rb1 Nc6 9. d3 Nge7 10. Bd2 O-O 11. Nd5 Nxd5 12. cxd5 Nd4 13. b4 f5 14. bxc5
dxc5 15. Nxd4 exd4 16. Qb3 b6 17. f4 $13 {Shaked,T-Kaidanov,G USA-ch 1996}) 6.
Nc3 Nc6 7. O-O (7. d4 cxd4 8. Nxd4 Qg4 9. O-O Qxd1 10. Rxd1 Nxd4 11. Rxd4 Rc8
12. Bg5 Nd7 13. Rad1 (13. Rc1 g6 14. Nd5 Nc5 15. Bh4 g5 16. Bxg5 Ne6 17. Be3
Nxd4 18. Bxd4 Rg8 19. Bxa7 Bg7 20. b3 e6 $13 {Krays,A-Har-Zvi,R Tel-Aviv 1996})
13... g6 14. Nd5 h6 15. Be3 Bg7 16. R4d2 Rxc4 17. b3 Rxe4 18. f3 Rxe3 19. Nxe3
Nb6 {1/2-1/2 Arkhipov,S-Shipov,S Moscow 1994}) 7... e6 {the other main move is
7...g6} (7... Nd4 8. b4 (8. Nxd4 cxd4 9. Nb5 Nxe4 10. Re1 (10. Qa4 $5) 10...
Nc5 11. Nxd4 Nd3 12. Re3 Nxc1 13. Rxc1 g6 14. Qf3 Bg7 15. Rce1 Be5 $1 $11 {
Rublevsky,S-Sakaev,K Jugoslavija 1995 64/196}) 8... Qg4 9. Kh1 Nxf3 10. gxf3
Qh3 {Kramnik,V-Polgar,J Dos Hermanas 1996 66/(166)} 11. bxc5 dxc5 12. Rb1 e6
13. e5 $16 {Azmaiparashevili}) 8. d4 cxd4 9. Nxd4 Be7 10. Be3 O-O 11. Qe2 a6 (
11... Rac8 12. f4 (12. Rad1 b6 13. f4 a6 14. b3 Qb7 15. Kh1 Rfe8 16. Nxc6 Qxc6
17. Bd4 $14 {Nerednichy,V-Marin,M Bucharest 1994}) 12... a6 13. Rad1 Qc7 14. b3
Qa5 15. Qe1 Kh8 16. Kh1 $14 {Rublevsky,S-Ionov,S RUS-ch Elista 1995}) (11...
Rfd8 {Horvath,T => Hachian-Petrosian/CBM/50}) 12. Rad1 Rfc8 13. b3 Qc7 {
the correct idea the queen has nothing to do on d7 the best place for the
queen is on a5 the's black's next move} 14. f4 Qa5 15. Nxc6 (15. Qd2) 15...
Rxc6 16. Bd4 Nd7 (16... e5 $2 {Horvath,T} 17. Nd5 $1 $18) 17. Rd3 Re8 18. Nd5
Qd8 (18... exd5 19. exd5 Rc7 (19... Rcc8 20. Re3 (20. Bxg7 Kxg7 21. Qg4+ Kh8
22. Qxd7 Qc7) 20... Qd8 21. Re1 Kf8 22. Qh5 $8 Kg8 (22... h6 23. g4 $1 $40 (23.
Re6 $1 {Horvath,T} Nf6 $8 24. Bxf6 Bxf6 (24... gxf6 25. Qxh6+ Kg8 26. R6e3 Qb6
27. Kf1 $18) 25. Rxe8+ Qxe8 26. Rxe8+ Rxe8 27. Qf5 $18) (23. Bxg7+ $2 Kxg7 24.
Rg3+ Bg5) 23... f6 24. g5 fxg5 25. Qg6 $1) (22... f6 23. Qxh7 Kf7 24. Qh5+ Kg8
25. c5 $1 Nxc5 (25... dxc5 26. d6) 26. Bxf6 $1) 23. Qe2 $11) 20. Rg3 $1 f6 (
20... g6 21. Re3 Nf8 (21... Kf8 22. Qb2 $3 {this move leads sure for an
advantage for white,I think also after f5 white has very strong initiative and
for sure I would take white but after f5 there are big complications here
things are more simple!} Rcc8 {making room for the queen but white has another
idea} (22... Kg8 23. b4 Qa4 24. Ra3 Qxa3 25. Qxa3 Rxc4 26. Qe3 $16) 23. Bb6 $3
{[%cal Gb2h8]} Bf6 24. Qxf6 Nxf6 25. Rxe8+ Rxe8 26. Bxa5 $16) 22. f5 $1 $40
gxf5 23. Rxf5 Ng6 (23... f6 24. Rg3+ Ng6 25. Qe6+ Kh8 (25... Kg7 26. Bxf6+ Bxf6
27. Qxf6+ Kg8 28. Rxg6+) 26. Rxg6 $1 hxg6 27. Rxf6 {with mate in a few moves})
24. Rxf7 $3 Bf8 (24... Kxf7 25. Rf3+) 25. b4 $1 $18) 21. Qe6+ Kf8 22. Qh3 Qd2 (
22... Kg8 23. Qe6+ {leads to the same result}) 23. Qxh7 (23. Rd3 $142 Qc2 24.
Qxh7 $40 {with here atleast a draw for white}) 23... Qxd4+ 24. Kh1 f5 {black
has nothing to do despite his 2 pieces advantage but playing this with a draw}
25. Qh8+ Kf7 26. Qh5+ Kf8 (26... Kg8 27. Qxe8+ Nf8 $13 {/+/=}) 27. Qh8+ $11)
19. Nxe7+ Qxe7 20. Rfd1 (20. Bc3) (20. Bb2) (20. e5 $5 {Horvath,T} dxe5 21.
Bxe5 Nxe5 22. Qxe5 $14) 20... e5 $15 21. fxe5 Nxe5 22. R3d2 (22. Bxe5 Qxe5 (
22... dxe5 $6 {[%cal Gd1d8]}) 23. Rd5 Qxe4 24. Qxe4 Rxe4 25. Rxd6) 22... h6 23.
Bb2 Qh4 24. g3 Qf6 25. Kg2 Qg6 26. Ba3 $6 {from some unknowen reason white
tries to win an equal position,but not any more,still I believe after BxN the
game should end with a draw although white has weakened his king a lot,but now
white will not have the cahnec to get this exchange anymore} Re6 27. Rd4 Nd7 $1
28. Qd3 Nf6 (28... Nc5 29. Bxc5 dxc5 30. Rd8+ Kh7 31. Rd7 (31. Re1 {Horvath,T}
Rcd6 $15) 31... Rxe4 32. Rxf7 $8 (32. Rxb7 $2 Rce6 $36 {[%csl Rb7]}) 32... Rce6
33. Rf2 $11) 29. Bxd6 Nxe4 30. Bf4 Qh5 31. Qf3 Qg6 32. Qd3 f5 $1 33. Re1 Nf6
34. Rxe6 Rxe6 35. Rd6 Nh5 36. Rxe6 $4 {??? what?} (36. Rd8+ $8 Kh7 37. Bd2 (37.
Bb8 {Horvath,T} Nf6 $15) 37... Nf6) 36... Nxf4+ 37. Kf1 Nxe6 {probably white
missed this move,but this is a lot to miss!} (37... Nxd3 $2 38. Rxg6 {This was
the line White wanted to be played.}) 0-1

[Event "Najdorf Memorial 8th"]
[Site "Buenos Aires"]
[Date "1997.05.19"]
[Round "1"]
[White "Ricardi, Pablo"]
[Black "Wolff, Patrick G"]
[Result "0-1"]
[WhiteElo "2575"]
[BlackElo "2575"]
[Annotator "Har Zvi,R"]
[PlyCount "82"]
[EventDate "1997.05.19"]
[EventType "tourn"]
[EventRounds "9"]
[EventCountry "ARG"]
[EventCategory "13"]
[SourceTitle "CBM 060"]
[Source "ChessBase"]
[SourceDate "1997.09.29"]
[SourceVersion "1"]
[SourceVersionDate "1997.09.29"]
[SourceQuality "1"]

1. e4 c5 2. Nf3 d6 3. Bb5+ Bd7 4. Bxd7+ Nxd7 5. O-O Ngf6 6. Qe2 e6 7. b3 Be7 8.
Bb2 O-O 9. c4 a6 (9... d5 10. cxd5 exd5 11. e5 Ng4 12. d4 Re8 13. h3 Nh6 14.
Rd1 cxd4 15. Bxd4 Rc8 16. Nc3 Nf8 17. Qb5 $16 {[%csl Rb7,Rd5] David,A-Efimov,I
Casablanca 1994}) (9... e5 10. Nc3 Ne8 (10... Nb8 11. d3 Nc6 12. Nd2 Nd4 13.
Qd1 a6 14. f4 exf4 15. Rxf4 b5 16. Rf1 Rb8 17. Nf3 Ne6 18. Qd2 $14 {Rublevsky,
S-Rashkhovsky,N Elista RUS-ch 1994}) (10... g6 11. a3 Nh5 12. g3 Ng7 13. b4 b6
14. Nd5 f5 15. exf5 Nxf5 16. bxc5 bxc5 17. Bc3 $14 {Kamsky,G-Alterman,B
Tilburg 1993}) 11. Ne1 Nc7 12. Nc2 Bg5 13. Ne3 Nf6 14. g3 Ne6 15. Qd3 $14 {
Yudasin,L-Shirov,A Ljubljana 1995}) (9... Re8 10. Nc3 a6 11. Kh1 Qc7 12. Rae1
Bf8 13. Ng5 h6 14. Nh3 Ne5 15. f4 Nc6 16. g4 $1 g6 17. Qg2 $40 {Smyslov,
V-Ioseliani,N Monaco 1994 61/204 [ Smyslov,V]}) 10. d4 cxd4 11. Nxd4 Qb6 {
I believe this is black's best move,stopping white from playing Nc3 on the
next move} (11... Re8 12. Nc3 Rc8 13. Rad1 Bf8 14. Kh1 g6 15. f4 Rc5 16. Nf3
Qb8 17. e5 dxe5 18. b4 Rc7 19. fxe5 $40 {Ulibin,M-Neverov,V Voskresnsk 1990}) (
11... Rc8 12. Nc3 Qa5 13. Rad1 Qh5 14. f3 Rfe8 15. Kh1 Bf8 16. Qe1 Qa5 17. f4
e5 18. fxe5 Qxe5 19. Qf2 $36 {Adams,M-Kengis,E Shalernes Skakklub 1997}) 12.
Kh1 (12. Nc2 Rac8 13. Nc3 Rfe8 14. Kh1 Qc5 15. Rac1 Qh5 16. Qxh5 Nxh5 17. g3
$14 {Adams,M-Tiviakov,S New-York (m/2) 61/(204) 1994}) (12. Rd1) 12... Qc5 $146
(12... Rfe8 13. f4 g6 14. Nf3 Bf8 15. Nc3 Bg7 16. e5 dxe5 17. fxe5 Ng4 18. Ne4
Ngxe5 19. Nxe5 Nxe5 20. Nf6+ Bxf6 21. Rxf6 $44 {[%cal Ga1h8] Ulibin,
M-Sherbakov,R Cheliabinsk-A 1991}) 13. f4 (13. Rd1) 13... Rfe8 14. Nf3 b5 15.
e5 $5 (15. Nbd2 bxc4 16. Nxc4 d5 17. exd5 Nxd5 $13) 15... Ng4 16. Nd4 (16. Nbd2
Qe3 17. Qxe3 Nxe3 18. Rfc1 Rec8 {with a fine position for black}) (16. h3 $6 {
[%csl Rg3]} Ne3 17. Re1 (17. Bd4 $4 Nxf1 18. Bxc5 Ng3+) 17... Nf5 $36) 16...
dxe5 17. Nxe6 fxe6 18. Qxg4 Bf6 19. fxe5 (19. Nc3 $5 Qc6 $13 (19... bxc4 20.
Ne4 $36)) 19... Bxe5 20. Nc3 bxc4 21. Rad1 (21. Ne4 Qc7 22. Bxe5 Qxe5 23. bxc4
Rf8 $11) 21... Qc7 (21... Nf6 $4 22. Rxf6 Bxf6 23. Ne4 $18) 22. bxc4 Rac8 23.
h3 Nf6 (23... Qxc4 24. Qxc4 Rxc4 25. Rxd7 Bxc3 26. Bxc3 Rxc3 27. Ra7 e5 28.
Rff7 Rg3 29. Kh2 Rg5 (29... Rg6 30. Rfe7 Rxe7 31. Rxe7 $11) 30. Rfe7 Rxe7 (
30... Rc8 31. Rxa6 h6 {[%cal Gc8c2]} 32. h4) 31. Rxe7 $11 {[%cal Ge7e6,Ge6a6]
with a quick draw}) 24. Qe2 Bxc3 25. Bxc3 Qxc4 26. Qxc4 Rxc4 27. Bxf6 gxf6 28.
Rxf6 Re7 {I was very surprised to see that black won this game,since both
players are strong GM,and you do not expect any one of them to lose this
position,what I may think is that there was time trouble at this stage,atleast
for white} 29. Rd8+ (29. Rd6 Ra4 (29... e5 30. Rxa6 e4 31. Rfe6) 30. Rfxe6 Rxe6
31. Rxe6 Rxa2 {when here both players should make draw}) 29... Kg7 30. Rf3 e5
31. Rg3+ Kf6 32. Rf3+ Kg7 (32... Ke6 $5 33. Ra3 Rc6 34. Ra8 Kd5 {transposes to
the game}) 33. Rg3+ Kf6 34. Rf8+ Ke6 35. Ra3 Rc6 36. Ra8 Kd5 37. R8xa6 (37. Kg1
Rf7 38. Rd8+ Ke4 39. Ra4+ Ke3 40. Ra3+ Ke2 41. Rdd3 $13) 37... Rxa6 38. Rxa6 e4
39. Kg1 Rf7 {[%cal Gf7f1]} 40. Ra5+ $4 {losing immediately,at first I thought
that anyway this ending is a lost one for white'but I think he can draw this
position} (40. Ra8 $8 {the rook being the pawn} e3 41. Re8 Kd4 42. a4 $1 {
white has to create some chance with his pass pawn} Kd3 43. Rd8+ Kc2 44. Re8
Kd2 45. Rd8+ Ke1 46. a5 $1 $11 (46. g4 Rf1+ 47. Kg2 Rf2+ 48. Kg1 (48. Kg3 e2)
48... Rd2 $19) 46... e2 47. a6 Rf1+ 48. Kh2 Rf7 49. Kg1) 40... Kd4 41. g4 (41.
Ra8 e3 42. Rd8+ Kc3 43. Re8 Kd2 44. Rd8+ Ke1 45. a4 e2 $19) 41... e3 0-1